| 000 | 00619nam a2200205Ia 4500 | ||
|---|---|---|---|
| 003 | IEPS | ||
| 005 | 20250703135311.0 | ||
| 008 | 250223s9999||||xx |||||||||||||| ||und|| | ||
| 020 | _a9789957068387 | ||
| 040 | _CIEPS | ||
| 041 | _aara | ||
| 082 | _a070 | ||
| 100 | _aالدليمي عبد الرزاق محمد | ||
| 245 | 0 | _aالاعلام التربوي | |
| 260 |
_aعمان _bدار المسيرة للنشر و التوزيع _c2011 |
||
| 300 |
_a288 ص. _bمخططات _c24 سم. |
||
| 653 | _aالاتصال الجماهيري | ||
| 653 | _aو سائل الاتصال الجماهيري | ||
| 942 | _cكتاب | ||
| 999 |
_c13067 _d13067 |
||